[Event "International Championship of Central Se"]
[Site "Paracin, hotel "]
[Date "2012.07.07"]
[Round "3.39"]
[White "Todorovic, Nenad I"]
[Black "Smirnov, Boris"]
[Result "0-1"]
[WhiteElo "2001"]
[BlackElo "2143"]
[PlyCount "128"]
[EventDate "2012.07.06"]

1. e4 c5 2. Nf3 d6 3. d4 cxd4 4. Nxd4 Nf6 5. Nc3 g6 6. Be3 Bg7 7. f3 O-O 8. Qd2
Nc6 9. Bc4 Bd7 10. O-O-O Qa5 11. Kb1 Rfc8 12. Bb3 Ne5 13. h4 h5 14. Bh6 Bh8 15.
Nd5 Qd8 16. g4 hxg4 17. h5 e6 18. Nf4 Nxf3 19. Nxf3 Nxe4 20. Qe3 Qf6 21. Nd4 g5
22. Ng6 Nf2 23. Bxg5 Nxd1 24. Rxd1 Qg7 25. Ne7+ Kh7 26. Nxc8 Rxc8 27. c3 Rc5
28. Bc2+ Kg8 29. Bh6 Qe5 30. Rg1 Qxh5 31. Nb3 Re5 32. Qd2 Rd5 33. Qe3 f5 34.
Nd4 Re5 35. Qd2 Rc5 36. Bb3 d5 37. Be3 Rc8 38. Ne2 b6 39. Nf4 Qf7 40. Bd4 Bg7
41. Rh1 Re8 42. Qh2 Bxd4 43. cxd4 Qg7 44. Qh4 Kf7 45. Qh5+ Ke7 46. Ng6+ Kd8 47.
Ne5 Re7 48. Ng6 Be8 49. Qh2 g3 50. Qxg3 f4 51. Qxf4 Bxg6+ 52. Ka1 e5 53. dxe5
Qxe5 54. Qf8+ Re8 55. Qf2 Be4 56. Rd1 Kc8 57. Ba4 Rd8 58. Qd4 Qxd4 59. Rxd4 Kc7
60. b4 Kd6 61. Kb2 Ke5 62. Rd2 d4 63. Bb5 d3 64. Kc1 Kd4 0-1

[Event "International Championship of Central Se"]
[Site "Paracin, hotel "]
[Date "2012.07.07"]
[Round "3.40"]
[White "Persson, Richard"]
[Black "Debevec, Blaz"]
[Result "0-1"]
[WhiteElo "2193"]
[BlackElo "2083"]
[PlyCount "66"]
[EventDate "2012.07.06"]

1. e4 Nf6 2. e5 Nd5 3. c4 Nb6 4. d4 d6 5. f4 g5 6. Nf3 gxf4 7. Bxf4 Bf5 8. Nc3
Bg7 9. Nh4 Bg6 10. e6 O-O 11. c5 dxc5 12. dxc5 Qxd1+ 13. Rxd1 Bxc3+ 14. bxc3
Na4 15. Bh6 Rc8 16. Bc4 f6 17. Rd7 Nc6 18. Bb5 Nxc5 19. Bxc6 bxc6 20. Rxe7 Re8
21. Rg7+ Kh8 22. e7 Nd3+ 23. Kd2 Ne5 24. h3 Rab8 25. Rf1 Nc4+ 26. Ke1 Rb1+ 27.
Ke2 Rb2+ 28. Ke1 Rb1+ 29. Ke2 Rxf1 30. Nxg6+ hxg6 31. Rf7 Nd6 32. Rf8+ Kh7 33.
Kxf1 Kxh6 0-1

[Event "International Championship of Central Se"]
[Site "Paracin, hotel "]
[Date "2012.07.07"]
[Round "3.41"]
[White "Iliev, Dimitar"]
[Black "Gevorgyan, Maria"]
[Result "0-1"]
[WhiteElo "2137"]
[BlackElo "2040"]
[PlyCount "90"]
[EventDate "2012.07.06"]

1. e4 e5 2. Nc3 Nf6 3. Nf3 Nc6 4. d4 exd4 5. Nxd4 Bb4 6. Nxc6 bxc6 7. Bd3 d5 8.
exd5 cxd5 9. O-O O-O 10. Bg5 c6 11. Qf3 Bd6 12. Rae1 h6 13. Bxf6 Qxf6 14. Qxf6
gxf6 15. Re2 Rb8 16. b3 f5 17. f4 Be6 18. Nd1 Rb4 19. g3 Kg7 20. c3 Rbb8 21.
Kg2 Kf6 22. Ne3 Rfe8 23. Kf3 Bc5 24. Rfe1 a5 25. Rc1 Red8 26. h3 Rg8 27. c4 d4
28. Nc2 a4 29. Rb1 axb3 30. axb3 Rb7 31. b4 Rgb8 32. Rd1 Ba7 33. Ra1 Rd8 34. g4
Bb6 35. Re5 fxg4+ 36. hxg4 Rg8 37. Rae1 Ra7 38. Rh5 Ra2 39. Rg1 Rb2 40. Rxh6+
Ke7 41. f5 Rb3 42. Ke2 Bd7 43. g5 Re8 44. Rf6 Kf8+ 45. Kd2 Bc7 0-1

[Event "International Championship of Central Se"]
[Site "Paracin, hotel "]
[Date "2012.07.07"]
[Round "3.42"]
[White "Kalinic, Dusan"]
[Black "Tisma, Ivan"]
[Result "1-0"]
[WhiteElo "2082"]
[BlackElo "2134"]
[PlyCount "67"]
[EventDate "2012.07.06"]

1. e4 c5 2. Nf3 d6 3. d4 cxd4 4. Nxd4 Nf6 5. Nc3 a6 6. h3 Nc6 7. g4 Nd7 8. Bg2
e6 9. Be3 Be7 10. Qd2 Nde5 11. Qe2 Bd7 12. O-O O-O 13. a4 Rc8 14. f4 Nxd4 15.
Bxd4 Nc4 16. b3 Na5 17. Nd1 Qc7 18. Ne3 Nc6 19. Bb2 Rfe8 20. Rad1 Qb6 21. Kh1
Qc7 22. Rd2 Qb8 23. f5 b5 24. f6 gxf6 25. g5 e5 26. gxf6 Bf8 27. Qh5 Nd4 28.
Bxd4 exd4 29. Nf5 Bxf5 30. exf5 Re5 31. Rxd4 Kh8 32. Rg4 d5 33. Qxf7 Bh6 34.
Rg7 1-0

[Event "International Championship of Central Se"]
[Site "Paracin, hotel "]
[Date "2012.07.07"]
[Round "3.44"]
[White "Katic, Goran"]
[Black "Drobne, Marjan"]
[Result "1/2-1/2"]
[WhiteElo "1989"]
[BlackElo "2123"]
[PlyCount "43"]
[EventDate "2012.07.06"]

1. e4 e5 2. Nf3 Nc6 3. Nc3 Nf6 4. d4 exd4 5. Nxd4 Bc5 6. Nxc6 bxc6 7. Bd3 d5 8.
exd5 cxd5 9. O-O O-O 10. Bg5 c6 11. Qf3 Be7 12. h3 Be6 13. Na4 Rb8 14. b3 h6
15. Bf4 Bd6 16. Rad1 Bxf4 17. Qxf4 Qe7 18. Qd4 Rb4 19. Qc5 Qxc5 20. Nxc5 Nd7
21. Nxd7 Bxd7 22. c3 1/2-1/2